Online
Catalog

Actas de los consejos y comisión federal de la región española : (Record no. 40602)

MARC details
000 -CABECERA
campo de control de longitud fija 00996nam a2200217 a 4500
001 - NÚMERO DE CONTROL
campo de control 000041112
005 - FECHA Y HORA DE LA ÚLTIMA TRANSACCIÓN
campo de control 20201002034629.0
008 - DATOS DE LONGITUD FIJA--INFORMACIÓN GENERAL
campo de control de longitud fija 130918s1969 sp r 001 0 spa d
040 ## - FUENTE DE LA CATALOGACIÓN
Centro catalogador/agencia de origen DO-SdBNP
Lengua de catalogación spa
Centro/agencia transcriptor BNPHU
082 ## - NÚMERO DE LA CLASIFICACIÓN DECIMAL DEWEY
Número de clasificación xxxx
Número de documento/Ítem xxxx
111 2# - ENTRADA PRINCIPAL--NOMBRE DE CONGRESO/REUNIÓN
Nombre de congreso/reunión o jurisdicción como elemento de entrada Asociación Internacional de los Trabajadores. Federación Regional Española
9 (RLIN) 67657
245 10 - MENCIÓN DE TÍTULO
Título Actas de los consejos y comisión federal de la región española :
Resto del título (1870-1874) /
Mención de responsabilidad, etc. estudio preliminar por Carlos Seco Serrano.
260 ## - PUBLICACIÓN, DISTRIBUCIÓN, ETC.
Lugar de publicación, distribución, etc. Barcelona :
Nombre del editor, distribuidor, etc. Universidad de Barcelona,
Fecha de publicación, distribución, etc. [1969].
300 ## - DESCRIPCIÓN FÍSICA
Extensión 345 p. ;
Dimensiones 26 cm.
490 1# - MENCIÓN DE SERIE
Mención de serie documentos para el estudio de los movimientos obreros en España en la época contemporánea
504 ## - NOTA DE BIBLIOGRAFÍA, ETC.
Nota de bibliografía, etc. Incluye referencias bibliográficas y notas al pie de las páginas
505 1# - NOTA DE CONTENIDO CON FORMATO
Información miscelánea v. 2
Título Comisión federal
590 ## - NOTA LOCAL (RLIN)
Nota local Inventariado, 2019/BT
700 1# - PUNTO DE ACCESO ADICIONAL--NOMBRE DE PERSONA
Nombre de persona Seco Serrano, Carlos,
9 (RLIN) 67658
830 #0 - PUNTO DE ACCESO ADICIONAL DE SERIE-TÍTULO UNIFORME
Título uniforme documentos para el estudio de los movimientos obreros en España en la época contemporánea
9 (RLIN) 67659
Holdings
Estado de retiro Estado de pérdida Restricciones de uso No para préstamo Código de colección Localización permanente Ubicación/localización actual Ubicación en estantería Fecha de adquisición Número de inventario Total de préstamos Signatura topográfica completa Código de barras Fecha visto por última vez Precio válido a partir de Tipo de ítem Koha
      Excluido de préstamo Monografías: Libros y Folletos General General Depósito 18.09.2013 LF1   v.1 41112-10 25.06.2020 25.06.2020 No se presta
      Excluido de préstamo Monografías: Libros y Folletos General General Depósito 05.02.2014 LF1   v.2 41112-20 25.06.2020 25.06.2020 No se presta

Powered by Koha